Guess the Lyrics #26 - Statistics

General Stats
  • This quiz has been taken 494 times
  • The average score is 165 of 397
Answer Stats
Lyrics % Correct
I
98%
a
97%
you
92%
love
88%
the
88%
be
77%
me
77%
And
76%
and
76%
to
76%
Hear
71%
hear
71%
in
71%
On
71%
on
71%
your
71%
it
69%
can
68%
my
65%
Where
65%
where
65%
She
64%
of
60%
what
60%
her
59%
know
58%
that
58%
have
57%
I'm
56%
are
55%
You're
55%
you're
55%
can't
51%
why
50%
Don't
47%
But
45%
it's
43%
too
43%
at
41%
done?
41%
just
40%
oh
40%
Oh,
40%
all
39%
day
39%
girl,
39%
L.A.
39%
been
35%
think
34%
baby
33%
from
33%
Won't
33%
every
32%
Every
32%
down
30%
gonna
28%
mind
28%
up
28%
good
27%
make
27%
always
26%
she's
26%
stay
26%
cause
25%
wanted
25%
I've
23%
keep
23%
dance
22%
you've
22%
away,
21%
left
21%
scream
20%
club,"
19%
Club,
19%
Club
19%
dancing
19%
dreams
19%
dreams,
19%
pink
19%
Pink
19%
place
19%
there's
19%
"God,
18%
heard
18%
pony
18%
Pony
18%
belong,
17%
boys
17%
girls
17%
having
17%
fun
15%
sees
15%
single
15%
Still
15%
calling
14%
floor
13%
leaving
13%
mama
13%
mama,
13%
crazy
12%
Hollywood,
12%
Pink Pony Club - Chappell Roan
12%
scene
12%
stage
12%
Tennessee
12%
Tennessee,
12%
West
12%
heels,
11%
night's
11%
saying
11%
special
11%
visions
11%
wicked
11%
proud,
10%
queens
10%
Santa
10%
another
9%
ignore
9%
Monica,
9%
behind
8%
Black
8%
door
8%
miles
8%
swear
8%
year
8%
disco
7%
lights
7%
line
7%
Lovers
7%
outside
7%
thousand
7%
ball
6%
bathroom
6%
reason
6%
Southern
6%
drawl
5%
Saturday
5%
jaws
4%
mirrored
4%
thank
4%
No matching quizzes found
Score Distribution
Percent of People with Each Score
Percentile by Number Answered
Your Score History
You have not taken this quiz